000 00608nam a2200217Ia 4500
001 1234
003 GE_BSU
008 181216s||||||||xx |||||||||||||| ||und||
040 _cGE_BSU
080 _a629.114.201
100 _aდვალი,რ.
245 _aტრაქტორის თეორია.
250 _aმე–2.შევს დაგადამ.გამოცემა.
260 _aთბილისი
260 _bგანათლება
260 _c1970
300 _a220 გვ.21 სმ.
541 _h8 ლ.
653 _aტრაქტორი
942 _cBK
999 _c35381
_d35381